Orlando : (Record no. 21459)
[ view plain ]
| 000 -LEADER | |
|---|---|
| fixed length control field | 00766nam a2200277 a 4500 |
| 001 - CONTROL NUMBER | |
| control field | 21459 |
| 003 - CONTROL NUMBER IDENTIFIER | |
| rucl marc code | BD-RjUL |
| 005 - DATE AND TIME OF LATEST TRANSACTION | |
| control field | 20211209000704.0 |
| 008 - FIXED-LENGTH DATA ELEMENTS--GENERAL INFORMATION | |
| fixed length control field | 140304s1954 enka 001 1 eng d |
| 035 ## - SYSTEM CONTROL NUMBER | |
| System control number | 83-60141 |
| System control number | (BD-RjUL)21523 |
| 040 ## - CATALOGING SOURCE | |
| Original cataloging agency | DLC |
| Transcribing agency | DLC |
| Modifying agency | BD-RjUL |
| Language of cataloging | eng |
| 041 ## - LANGUAGE CODE | |
| Language code of text/sound track or separate title | eng |
| 082 ## - DEWEY DECIMAL CLASSIFICATION NUMBER | |
| Classification number | 823.912 |
| Edition number | 19 |
| Author mark and year | WOO 1954 |
| 100 1# - MAIN ENTRY--PERSONAL NAME | |
| Personal name | Woolf, Virginia, |
| Dates associated with a name | 1882-1941. |
| 9 (RLIN) | 66297 |
| 245 10 - TITLE STATEMENT | |
| Title | Orlando : |
| Remainder of title | a biography / |
| Statement of responsibility, etc. | Virginia Woolf |
| 260 ## - PUBLICATION, DISTRIBUTION, ETC. (IMPRINT) | |
| Place of publication, distribution, etc. | London : |
| Name of publisher, distributor, etc. | The Hogarth Press, |
| Date of publication, distribution, etc. | 1954. |
| 300 ## - PHYSICAL DESCRIPTION | |
| Pagination | 299 p. : |
| Illustrations | ill ; |
| Size | 23 cm |
| 500 ## - GENERAL NOTE | |
| General note | "First English edition"--Kirkpatrick |
| General note | Includes index. |
| 650 ## - SUBJECT ADDED ENTRY--TOPICAL TERM | |
| Topical term or geographic name as entry element | England Fiction |
| 9 (RLIN) | 66298 |
| 942 ## - ADDED ENTRY ELEMENTS (KOHA) | |
| Source of classification or shelving scheme | Dewey Decimal Classification |
| Koha item type | Books |
| Lost status | Source of classification or shelving scheme | Damaged status | Not for loan | Collection code | Permanent Location | Current Location | Shelving location | Date acquired | Source of acquisition | Cost, normal purchase price | Total Checkouts | Full call number | Date last seen | Copy number | Koha item type |
|---|---|---|---|---|---|---|---|---|---|---|---|---|---|---|---|
| Dewey Decimal Classification | Added to bundle | Fiction | Central Library, University of Rajshahi | Central Library, University of Rajshahi | Reading Room | 06/04/1956 | A.B.C | 6.00 | 823.912 WOO 1954 | 04/03/2014 | C-1 | Books | |||
| Dewey Decimal Classification | Non-fiction | Central Library, University of Rajshahi | Central Library, University of Rajshahi | General Stacks | 21/12/2024 | 823.912 WOO 1954 | 21/12/2024 | C-2 | Books |